| Tag |
First Indicator |
Second Indicator |
Subfields |
| LEADER |
00000cam a22000007a 4500 |
| 001 |
in00002011307 |
| 005 |
20211202202628.0 |
| 006 |
m d f |
| 008 |
041004s2003 dcu s f000 0 eng d |
| 035 |
|
|
|a (OCoLC)ocm56622823
|
| 040 |
|
|
|a GPO
|c GPO
|d DLC
|d MvI
|d UtOrBLW
|
| 049 |
|
|
|a WWW
|
| 074 |
|
|
|a 0285-A (online)
|
| 086 |
0 |
|
|a CC 1.7/4:SE 2
|
| 110 |
1 |
|
|a United States.
|b Federal Communications Commission.
|
| 245 |
1 |
0 |
|a Federal Communications Commission Section 504 programs & activities accessibility handbook.
|
| 246 |
3 |
0 |
|a Section 504 programs & activities accessibility handbook
|
| 264 |
|
1 |
|a Washington, DC :
|b Federal Communications Commission, Consumer & Governmental Affairs Bureau,
|c [2003]
|
| 336 |
|
|
|a text
|b txt
|2 rdacontent
|
| 337 |
|
|
|a computer
|b c
|2 rdamedia
|
| 338 |
|
|
|a unspecified
|b zu
|2 rdacarrier
|
| 538 |
|
|
|a Mode of access: Internet from the FCC web site. Address as of 10/4/04: http://www.fcc.gov/cgb/dro/504/504%5Fhandbook.pdf; current access available via PURL.
|
| 500 |
|
|
|a Title from title screen (viewed on Oct. 4, 2004).
|
| 500 |
|
|
|a "Winter 2003."
|
| 500 |
|
|
|a Electronic resource.
|
| 610 |
1 |
0 |
|a United States.
|b Federal Communications Commission
|v Handbooks, manuals, etc.
|
| 650 |
|
0 |
|a People with disabilities
|x Legal status, laws, etc.
|z United States
|v Handbooks, manuals, etc.
|
| 650 |
|
0 |
|a People with disabilities
|x Services for
|z United States
|v Handbooks, manuals, etc.
|
| 650 |
|
0 |
|a Barrier-free design
|z United States
|v Handbooks, manuals, etc.
|
| 710 |
1 |
|
|a United States.
|b Federal Communications Commission.
|b Consumer & Governmental Affairs Bureau.
|
| 856 |
4 |
0 |
|u https://purl.fdlp.gov/GPO/LPS54483
|t 0
|
| 999 |
|
|
|a MARS
|
| 999 |
f |
f |
|s c7fbc851-b71e-37fe-ab62-34d57202fa8e
|i 77dec95a-8dae-34de-8082-d2d56c8550fa
|t 0
|
| 952 |
f |
f |
|a Texas A&M University
|b College Station
|c Electronic Resources
|d Available Online
|t 0
|e CC 1.7/4:SE 2
|h Superintendent of Documents classification
|
| 998 |
f |
f |
|a CC 1.7/4:SE 2
|t 0
|l Available Online
|